000 00306nam a22001337a 4500
020 _a679-84784-7
082 _a823
_bMAR/Y
100 _aMARTIN, LES
245 _aINDIANA JONES CHRONICLES
_bTREK OF DOOM
260 _aNEW YORK
_bRANDOM HOUSE
300 _a115
650 _aNOVEL
_zUNITED STATES
942 _cBK
999 _c3535
_d3535